Cyclisme - Tour de France Femmes: Tops 10 depuis 2022 - Statistiques

Statistiques générales
  • Ce quiz a été pris 63 fois
  • Le résultat moyen est 27 sur 52
Statistiques - réponses
Pos Coureur % Correct
1 Pauline Ferrand-Prévot
90%
2 Demi Vollering
88%
1 Demi Vollering
88%
2 Demi Vollering
88%
2 Demi Vollering
88%
Pois Demi Vollering
88%
4 Juliette Labous
84%
5 Juliette Labous
84%
9 Juliette Labous
84%
7 Juliette Labous
84%
3 Katarzyna Niewiadoma
76%
Points Marianne Vos
76%
Points Marianne Vos
76%
3 Katarzyna Niewiadoma
73%
1 Katarzyna Niewiadoma
73%
3 Katarzyna Niewiadoma
73%
Pois Katarzyna Niewiadoma
73%
6 Cédrine Kerbaol
69%
8 Cédrine Kerbaol
69%
Jeune Cédrine Kerbaol
69%
1 Annemiek Van Vleuten
67%
4 Annemiek Van Vleuten
67%
8 Evita Muzic
63%
4 Evita Muzic
63%
10 Evita Muzic
63%
2 Lotte Kopecky
61%
Points Lotte Kopecky
61%
Points Lorena Wiebes
59%
6 Elisa Longo Borghini
49%
7 Sarah Gigante
47%
6 Sarah Gigante
47%
Pois Elise Chabbey
43%
5 Niamh Fisher-Black
41%
3 Pauliena Rooijakkers
41%
9 Pauliena Rooijakkers
41%
Jeune Puck Pieterse
33%
Pois Justine Ghekiere
31%
4 Dominika Wlodarczyk
27%
10 Mavi Garcia
22%
Jeune Nienke Vinke
20%
5 Gaia Realini
18%
5 Silvia Persico
18%
6 Ashleigh Moolman
16%
7 Cecilie Uttrup Ludwig
14%
7 Cecilie Uttrup Ludwig
14%
Jeune Shirin Van Aanrooij
14%
10 Amanda Spratt
8%
8 Ane Santesteban
6%
8 Lucinda Brand
4%
9 Veronica Ewers
4%
9 Ricarda Bauerfeind
2%
10 Thalita De Jong
2%
Aucun quiz correspondant
Distribution des résultats
% des personnes avec chaque résultat
Percentile par nombre de réponses
Votre historique - résultats
Vous n’avez pas pris ce quiz